[Event "U.S. Championship"]
[Site "Saint Louis USA"]
[Date "2022.10.17"]
[EventDate "2022.10.04"]
[Round "11"]
[Result "1-0"]
[White "W So"]
[Black "E Moradiabadi"]
[WhiteElo "2774"]
[BlackElo "2534"]
[PlyCount "72"]

1. e4 c5 2. Nf3 a6 3. c3 d5 4. exd5 Nf6 5. d4 cxd4 6. Qa4+ Qd7 7. Qxd7+
Bxd7 8. c4 e6 9. dxe6 fxe6 10. Nxd4 e5 11. Nc2 Nc6 12. Nc3 Bf5 13. Ne3 Bg6
14. Bd2 Bc5 15. O-O-O O-O 16. f3 Nd4 17. Ncd5 Rfd8 18. b4 Bf8 19. Nb6 Ra7
20. c5 a5 21. Bc4+ Bf7 22. Kb2 axb4 23. Bxb4 Bxc4 24. Nexc4 e4 25. a4 exf3
26. gxf3 Be7 27. Rhe1 Nc6 28. Rxd8+ Bxd8 29. Bc3 Ra6 30. Rd1 Ne8 31. Rd7
Be7 32. Bd4 Kf8 33. Bf2 Nd8 34. Nd5 Nc6 35. Nxe7 Nxe7 36. Nb6 1-0

[Event "U.S. Championship"]
[Site "Saint Louis USA"]
[Date "2022.10.17"]
[EventDate "2022.10.04"]
[Round "11"]
[Result "1/2-1/2"]
[White "S Shankland"]
[Black "L Aronian"]
[WhiteElo "2712"]
[BlackElo "2755"]
[PlyCount "30"]

1. d4 Nf6 2. c4 e6 3. Nf3 d5 4. g3 dxc4 5. Bg2 c6 6. O-O b5 7. Ne5 Bb7 8.
a4 a6 9. b3 cxb3 10. Qxb3 Qxd4 11. Bb2 Qb4 12. Qc2 Qc5 13. Qb3 Qb4 14. Qc2
Qc5 15. Qb3 Qb4 1/2-1/2

[Event "U.S. Championship"]
[Site "Saint Louis USA"]
[Date "2022.10.17"]
[EventDate "2022.10.04"]
[Round "11"]
[Result "1-0"]
[White "Hans Moke Niemann"]
[Black "A Lenderman"]
[WhiteElo "2699"]
[BlackElo "2535"]
[PlyCount "90"]

1. d4 d5 2. c4 c6 3. Nf3 Nf6 4. e3 Bg4 5. Nc3 e6 6. h3 Bh5 7. g4 Bg6 8. Ne5
Nbd7 9. Nxg6 hxg6 10. g5 Ne4 11. Nxe4 dxe4 12. h4 Bb4+ 13. Bd2 Qa5 14. a3
Bxd2+ 15. Qxd2 Qxd2+ 16. Kxd2 f5 17. c5 Ke7 18. b4 Rad8 19. Kc3 e5 20. Bc4
exd4+ 21. exd4 Nf8 22. f3 exf3 23. Raf1 Kd7 24. Rxf3 Ne6 25. Re1 Nc7 26.
Rh3 Rde8 27. Rxe8 Kxe8 28. a4 Kd7 29. b5 Ne6 30. Kb4 Nf4 31. Rh2 Kc7 32. a5
cxb5 33. Bxb5 a6 34. Ba4 Ne6 35. d5 Nxg5 36. d6+ Kd8 37. c6 bxc6 38. Kc5 f4
39. Rb2 Ne6+ 40. Kxc6 Nd4+ 41. Kd5 Nb5 42. Bxb5 axb5 43. Kc6 Ke8 44. Kc7
Kf7 45. d7 1-0

[Event "U.S. Championship"]
[Site "Saint Louis USA"]
[Date "2022.10.17"]
[EventDate "2022.10.04"]
[Round "11"]
[Result "1/2-1/2"]
[White "F Caruana"]
[Black "Jeffery Xiong"]
[WhiteElo "2763"]
[BlackElo "2690"]
[PlyCount "114"]

1. d4 d5 2. c4 e6 3. Nc3 Nf6 4. cxd5 exd5 5. Bg5 c6 6. e3 h6 7. Bh4 Be7 8.
Bd3 O-O 9. Nge2 Re8 10. O-O a5 11. Rc1 Nbd7 12. Na4 b5 13. Nc5 Nxc5 14.
dxc5 Nd7 15. Bxe7 Qxe7 16. Nd4 Ne5 17. Bb1 Bd7 18. h3 Qf6 19. b3 a4 20. Re1
Ra7 21. Qh5 Raa8 22. Rcd1 Ra7 23. Qe2 Ng6 24. Qf3 Qg5 25. Kh2 axb3 26. axb3
Nf8 27. Bf5 Bxf5 28. Nxf5 Qf6 29. e4 Qe5+ 30. Ng3 d4 31. Qf5 g6 32. Qxe5
Rxe5 33. Ne2 Ne6 34. Nxd4 Nxd4 35. Rxd4 Rxc5 36. e5 Re7 37. f4 Rc3 38. b4
c5 39. Rd5 cxb4 40. Rxb5 Rc4 41. Kg3 g5 42. Rf1 Re4 43. fxg5 R4xe5 44. Rxe5
Rxe5 45. gxh6 Rg5+ 46. Kh2 b3 47. h7+ Kh8 48. Rxf7 Rb5 49. Rf1 b2 50. Rb1
Kxh7 51. Kg3 Kg6 52. Kf4 Kh5 53. Ke3 Kh4 54. Kd3 Kg3 55. Kc3 Kxg2 56. Rxb2+
Rxb2 57. Kxb2 Kxh3 1/2-1/2

[Event "U.S. Championship"]
[Site "Saint Louis USA"]
[Date "2022.10.17"]
[EventDate "2022.10.04"]
[Round "11"]
[Result "1/2-1/2"]
[White "R Robson"]
[Black "Awonder Liang"]
[WhiteElo "2690"]
[BlackElo "2608"]
[PlyCount "68"]

1. e4 e6 2. d4 d5 3. e5 c5 4. c3 Nc6 5. Nf3 Qb6 6. a3 c4 7. Nbd2 Na5 8. Be2
Bd7 9. h4 O-O-O 10. Rb1 Kb8 11. O-O Ne7 12. Re1 h6 13. Nf1 Nb3 14. Bf4 Ba4
15. N3d2 Ng6 16. Bg3 h5 17. Nh2 Be7 18. Nhf3 Rc8 19. Nxb3 Qxb3 20. Qxb3
Bxb3 21. Rbc1 Rc6 22. Kh2 Rb6 23. Bf1 Rc8 24. Re2 Rcc6 25. Rd2 Rb5 26. Be2
Rcb6 27. Ra1 Ba4 28. Ra2 Kc8 29. Kh3 Nf8 30. Bf4 Bb3 31. Ra1 Ba4 32. Ra2
Bb3 33. Ra1 Ba4 34. Ra2 1/2-1/2

[Event "U.S. Championship"]
[Site "Saint Louis USA"]
[Date "2022.10.17"]
[EventDate "2022.10.04"]
[Round "11"]
[Result "0-1"]
[White "D Swiercz"]
[Black "Samuel Sevian"]
[WhiteElo "2652"]
[BlackElo "2684"]
[PlyCount "84"]

1. e4 e5 2. Nf3 Nc6 3. Bb5 a6 4. Ba4 Nf6 5. O-O Nxe4 6. d4 b5 7. Bb3 d5 8.
dxe5 Be6 9. Nbd2 Be7 10. c3 Nc5 11. Bc2 d4 12. Nb3 d3 13. Bb1 Nxb3 14. axb3
Bf5 15. Re1 O-O 16. h3 Qd7 17. b4 Rfd8 18. Bf4 a5 19. g4 Bg6 20. bxa5 Rxa5
21. Ba2 Rf8 22. b4 Ra4 23. e6 Qd8 24. exf7+ Kh8 25. Be6 Rxa1 26. Qxa1 Bxf7
27. Qa2 Bg6 28. Qd2 h6 29. Kg2 Bd6 30. Bxd6 Qxd6 31. Nh4 Bh7 32. Nf5 Bxf5
33. Bxf5 Ne5 34. f4 Rxf5 35. fxe5 Qd5+ 36. Kg1 Rf3 37. Qg2 d2 38. Rd1 Qd3
39. Rxd2 Qe3+ 40. Kh2 Qf4+ 41. Kg1 Rg3 42. Re2 Qf3 0-1

[Event "U.S. Championship"]
[Site "Saint Louis USA"]
[Date "2022.10.17"]
[EventDate "2022.10.04"]
[Round "11"]
[Result "1-0"]
[White "Dominguez Perez,L"]
[Black "Christopher Woojin Yoo"]
[WhiteElo "2747"]
[BlackElo "2563"]
[PlyCount "262"]

1. e4 d5 2. exd5 Qxd5 3. Nc3 Qd6 4. d4 Nf6 5. Nf3 g6 6. Nb5 Qb6 7. Na3 Be6
8. Nc4 Bxc4 9. Bxc4 Qb4+ 10. Nd2 Bh6 11. Qe2 Bxd2+ 12. Bxd2 Qxb2 13. O-O
Qxd4 14. Rab1 Qe4 15. Bc3 Qxe2 16. Bxe2 b6 17. Bf3 c6 18. Rfe1 O-O 19. Bb2
Rc8 20. Rxe7 Nd5 21. Rb7 Na6 22. c4 Ndb4 23. Bf6 Nxa2 24. Rd7 N2b4 25. Rd6
Rab8 26. Rd7 Ra8 27. Rd6 Rab8 28. g4 c5 29. Rd7 b5 30. cxb5 Nc7 31. Be5
Nxb5 32. Bxb8 Rxb8 33. Bd5 Rf8 34. Rc1 Nxd5 35. Rxd5 Nd4 36. Rcxc5 Ne2+ 37.
Kf1 Nf4 38. Rd1 Rb8 39. Rc4 g5 40. h4 h6 41. hxg5 hxg5 42. Rc5 Ne6 43. Ra5
Rb4 44. f3 Rb3 45. Kf2 Rb2+ 46. Ke3 a6 47. Rd3 Rb8 48. Rda3 Kg7 49. Rxa6
Nf4 50. R6a5 Kg6 51. Ra8 Rb7 52. Rg8+ Kf6 53. Ra6+ Ne6 54. Rd8 Kg7 55. Rd5
Rb3+ 56. Kf2 Rb2+ 57. Kg3 Re2 58. Rad6 Kg6 59. Rd2 Re1 60. Ra6 Rb1 61. Ra7
Rb4 62. Rdd7 Rf4 63. Kf2 Rf6 64. Rd5 Nf4 65. Rda5 Nh3+ 66. Kg3 Nf4 67. R7a6
Ne6 68. Re5 Rf4 69. Re4 Rf6 70. Ra5 Kg7 71. Ree5 Rh6 72. Ra7 Kg6 73. Rf5
Rh7 74. Kf2 Nd4 75. Rd5 Ne6 76. Ke3 Rh8 77. Rf5 Re8 78. Kf2 Rf8 79. Rd7 Kg7
80. Kg2 Kg6 81. Kg3 Nf4 82. Rd6+ f6 83. Ra5 Rf7 84. Ra2 Rb7 85. Raa6 Rf7
86. Kf2 Kg7 87. Ra2 Kg6 88. Rad2 Rh7 89. Rd7 Rh2+ 90. Ke3 Rh8 91. Rd8 Rh1
92. Rd1 Rh2 93. R8d2 Rh7 94. Rd7 Rh2 95. R1d2 Rh8 96. Ra7 Re8+ 97. Kf2 Rh8
98. Rdd7 Rg8 99. Ke3 Ng2+ 100. Ke4 Nf4 101. Re7 Ng2 102. Ra2 Nf4 103. Rh2
Ra8 104. Rd2 Ra4+ 105. Rd4 Ra8 106. Rdd7 Rg8 107. Kd4 Ng2 108. Kd5 Nh4 109.
Re3 Ng2 110. Rc3 Nf4+ 111. Kd6 Re8 112. Rcc7 Re6+ 113. Kc5 Re5+ 114. Kc4
Ne6 115. Rc8 f5 116. Rd5 Kf6 117. Rh8 fxg4 118. Rh6+ Kf5 119. fxg4+ Ke4
120. Rxe5+ Kxe5 121. Kd3 Nf4+ 122. Ke3 Nd5+ 123. Kf3 Nf4 124. Ra6 Ne6 125.
Ra5+ Kf6 126. Ke4 Nc7 127. Ra7 Nb5 128. Ra6+ Ke7 129. Kf5 Nd4+ 130. Kxg5
Kf7 131. Ra7+ 1-0

[Event "U.S. Championship"]
[Site "Saint Louis USA"]
[Date "2022.10.18"]
[EventDate "2022.10.04"]
[Round "12"]
[Result "1-0"]
[White "L Aronian"]
[Black "E Moradiabadi"]
[WhiteElo "2755"]
[BlackElo "2534"]
[PlyCount "84"]

1. e4 c6 2. d4 d5 3. e5 Bf5 4. Nf3 e6 5. Be2 Ne7 6. Nbd2 h6 7. O-O Nd7 8.
c3 Qc7 9. Re1 g5 10. Nf1 Bg6 11. Ng3 c5 12. h3 cxd4 13. cxd4 Qc2 14. Qxc2
Bxc2 15. Bd2 Nc6 16. Bb5 Bg6 17. Rac1 Rc8 18. Re3 Be7 19. Rb3 Nb6 20. a4
O-O 21. Bxc6 bxc6 22. a5 Nc4 23. Rb7 Rfe8 24. Rxa7 Ra8 25. Rxa8 Rxa8 26.
Bc3 Kf8 27. Nd2 Ke8 28. Nxc4 dxc4 29. Nf1 c5 30. Ra1 cxd4 31. Bxd4 Bd3 32.
Ne3 Bd8 33. Bc3 Bb6 34. Ng4 h5 35. Nf6+ Kd8 36. Rd1 Bc5 37. b3 Kc8 38. bxc4
Bxc4 39. Bd2 Ba3 40. Rb1 h4 41. Ne4 Bd3 42. Rb3 1-0

[Event "U.S. Championship"]
[Site "Saint Louis USA"]
[Date "2022.10.18"]
[EventDate "2022.10.04"]
[Round "12"]
[Result "1-0"]
[White "Awonder Liang"]
[Black "D Swiercz"]
[WhiteElo "2608"]
[BlackElo "2652"]
[PlyCount "210"]

1. d4 Nf6 2. c4 c6 3. Nc3 d5 4. cxd5 cxd5 5. Bf4 Nc6 6. e3 Bf5 7. Qb3 Na5
8. Qa4+ Bd7 9. Qc2 e6 10. Nf3 Rc8 11. Bd3 Bb4 12. O-O a6 13. Rac1 Bxc3 14.
bxc3 Bb5 15. Bxb5+ axb5 16. Qb1 Qb6 17. Be5 Nc4 18. Bxf6 gxf6 19. e4 dxe4
20. Qxe4 Qc6 21. Qf4 Ke7 22. Rfe1 Qd5 23. g3 h5 24. Nh4 Nd6 25. Ng2 Ra8 26.
Ne3 Qe4 27. Qxe4 Nxe4 28. f3 Ng5 29. Re2 Nxf3+ 30. Kg2 Ng5 31. Nd5+ Kf8 32.
Nxf6 Kg7 33. Rf1 Rh6 34. Ref2 h4 35. gxh4 Rxh4 36. Kh1 Rh6 37. Nd7 f5 38.
Rg2 Rh5 39. d5 Kf7 40. Nc5 b6 41. Nd3 Kf6 42. Nf4 Rh7 43. dxe6 Rd8 44. e7
Rxe7 45. Nh5+ Kg6 46. Rfg1 Kxh5 47. Rxg5+ Kh4 48. Rxf5 Rd2 49. Rf8 Re5 50.
Rh8+ Rh5 51. Rxh5+ Kxh5 52. Rb1 Rd5 53. Kg2 Kg4 54. Kf2 Rc5 55. Rb3 Kf5 56.
Ke3 Ke6 57. h4 Rc4 58. Kd3 Rxh4 59. Rxb5 Kd6 60. Rxb6+ Kc5 61. Ra6 Rh3+ 62.
Kc2 Kc4 63. Ra4+ Kb5 64. Rg4 Rh1 65. Kb3 Rb1+ 66. Ka3 Kc5 67. Rb4 Rc1 68.
Kb2 Rh1 69. a4 Kc6 70. Rb3 Kc5 71. Rb5+ Kc6 72. Rb4 Rg1 73. Rb5 Rh1 74. Rg5
Kb6 75. Kb3 Rb1+ 76. Kc4 Rc1 77. Rg6+ Ka5 78. Rg8 Rh1 79. Ra8+ Kb6 80. Rb8+
Ka5 81. Rb4 Rh4+ 82. Kb3 Rh1 83. Rb5+ Ka6 84. c4 Rb1+ 85. Kc3 Rc1+ 86. Kb4
Rb1+ 87. Kc5 Ra1 88. Rb6+ Ka7 89. Rb4 Rh1 90. Kb5 Kb7 91. a5 Rc1 92. a6+
Ka7 93. c5 Rh1 94. Rd4 Rb1+ 95. Kc6 Rh1 96. Rd8 Rh2 97. Re8 Rc2 98. Kd6
Rd2+ 99. Kc7 Rh2 100. c6 Rh7+ 101. Kd6 Rh6+ 102. Kd7 Rh7+ 103. Re7 Rh1 104.
c7 Rd1+ 105. Ke8 1-0

[Event "U.S. Championship"]
[Site "Saint Louis USA"]
[Date "2022.10.18"]
[EventDate "2022.10.04"]
[Round "12"]
[Result "1/2-1/2"]
[White "Jeffery Xiong"]
[Black "Dominguez Perez,L"]
[WhiteElo "2690"]
[BlackElo "2747"]
[PlyCount "76"]

1. d4 d5 2. c4 dxc4 3. e4 b5 4. a4 c6 5. axb5 cxb5 6. Nc3 Qb6 7. b3 e6 8.
bxc4 Bb4 9. Bd2 bxc4 10. Bxc4 Ne7 11. Nge2 O-O 12. Na4 Bxd2+ 13. Qxd2 Qc6
14. Bd3 Ba6 15. O-O Bxd3 16. Qxd3 a5 17. Rfc1 Qd6 18. Nb2 Nbc6 19. Nc4 Qb8
20. Rcb1 Qc7 21. h3 Rfd8 22. Qc3 h6 23. Rb5 Rac8 24. Ra4 Qd7 25. Nb6 Nxd4
26. Nxd4 Rxc3 27. Nxd7 Rxd7 28. Rbxa5 Nc6 29. Ra8+ Kh7 30. Nxc6 Rxc6 31.
R4a7 Rxa7 32. Rxa7 f6 33. f3 e5 34. h4 h5 35. Rb7 Rc2 36. Ra7 Rc6 37. Rb7
Rc2 38. Ra7 Rc6 1/2-1/2

[Event "U.S. Championship"]
[Site "Saint Louis USA"]
[Date "2022.10.18"]
[EventDate "2022.10.04"]
[Round "12"]
[Result "0-1"]
[White "A Lenderman"]
[Black "W So"]
[WhiteElo "2535"]
[BlackElo "2774"]
[PlyCount "80"]

1. d4 d5 2. Nf3 Nf6 3. c4 e6 4. g3 dxc4 5. Bg2 c5 6. O-O Nc6 7. Ne5 Bd7 8.
Nd2 cxd4 9. Ndxc4 Be7 10. Qb3 Qc7 11. Nxc6 Bxc6 12. Bf4 Qd8 13. Bxc6+ bxc6
14. Ne5 c5 15. Qa4+ Kf8 16. e3 Qe8 17. Qa6 Nd5 18. exd4 cxd4 19. Rac1 g5
20. Bd2 Kg7 21. Qd3 Rc8 22. Qxd4 Rxc1 23. Bxc1 Bf6 24. Re1 Qe7 25. h4 h6
26. hxg5 hxg5 27. Bd2 Qb7 28. Re4 Ne7 29. Bc3 Ng6 30. f3 Rc8 31. f4 gxf4
32. gxf4 Bxe5 33. fxe5 Rh8 34. Qe3 Rh5 35. a4 Qd5 36. Qd4 Qa8 37. Qe3 Qh8
38. Kf1 Rh1+ 39. Ke2 Qh5+ 40. Kd3 Rh3 0-1

[Event "U.S. Championship"]
[Site "Saint Louis USA"]
[Date "2022.10.18"]
[EventDate "2022.10.04"]
[Round "12"]
[Result "0-1"]
[White "Samuel Sevian"]
[Black "Hans Moke Niemann"]
[WhiteElo "2684"]
[BlackElo "2699"]
[PlyCount "156"]

1. d4 Nf6 2. c4 e6 3. Nf3 d5 4. Nc3 c5 5. cxd5 cxd4 6. Qxd4 exd5 7. e4 dxe4
8. Qxd8+ Kxd8 9. Ng5 Be6 10. a3 Nbd7 11. Bf4 Rc8 12. g3 Bb3 13. Bg2 Nh5 14.
Be3 f5 15. g4 f4 16. Bd4 f3 17. gxh5 fxg2 18. Rg1 Nf6 19. Rxg2 Bc5 20. Rd1
Bxd1 21. Ne6+ Ke7 22. Nxc5 Bg4 23. N5xe4 Nxe4 24. Rxg4 Nxc3 25. Rxg7+ Kd6
26. Bxc3 Rhe8+ 27. Kf1 Rc7 28. Rg4 Rf7 29. a4 b6 30. h6 Re3 31. Rd4+ Ke6
32. a5 Ref3 33. Rd2 b5 34. Bd4 Rd7 35. Kg2 Rf5 36. Re2+ Kd5 37. Bg7 Kc4 38.
Re4+ Kb3 39. Re8 Rdf7 40. Rh8 Rg5+ 41. Kh3 b4 42. Kh4 Rg6 43. Rxh7 Rxh6+
44. Rxh6 Rxg7 45. f4 Kxb2 46. f5 b3 47. f6 Rg2 48. h3 Ka2 49. Rh7 b2 50.
Rb7 Rg6 51. f7 Rf6 52. Kg5 Rxf7 53. Rxf7 b1=Q 54. h4 Qg1+ 55. Kh5 Kb3 56.
a6 Kc4 57. Rg7 Qc5+ 58. Rg5 Qe7 59. Rf5 Kd4 60. Kg4 Qe6 61. Kg5 Ke4 62. Rf6
Qe7 63. Kg6 Ke5 64. Rf5+ Ke6 65. Rf4 Qe8+ 66. Kg5 Qg8+ 67. Kh5 Ke5 68. Rf1
Qd5 69. Rf8 Qd1+ 70. Kg5 Qd2+ 71. Kh5 Qd7 72. Rf1 Qb5 73. Rf8 Qxa6 74. Kg5
Qe6 75. Rf1 Qg8+ 76. Kh6 Qh8+ 77. Kg5 Qd8+ 78. Kh5 a5 0-1

[Event "U.S. Championship"]
[Site "Saint Louis USA"]
[Date "2022.10.18"]
[EventDate "2022.10.04"]
[Round "12"]
[Result "1/2-1/2"]
[White "S Shankland"]
[Black "F Caruana"]
[WhiteElo "2712"]
[BlackElo "2763"]
[PlyCount "78"]

1. c4 c5 2. Nf3 Nf6 3. g3 Nc6 4. Bg2 d5 5. cxd5 Nxd5 6. Nc3 g6 7. Qa4 e6 8.
Ne5 Bd7 9. Nxd7 Qxd7 10. d3 Bg7 11. Bd2 O-O 12. Rc1 b6 13. O-O Rad8 14.
Rfd1 h6 15. Kf1 f5 16. a3 Nd4 17. Qxd7 Rxd7 18. Nxd5 exd5 19. b4 Nb3 20.
bxc5 bxc5 21. Rb1 Rb8 22. Bb4 cxb4 23. Rxb3 Bf8 24. axb4 Bxb4 25. Ra1 Rb6
26. d4 a5 27. Re3 Kf7 28. Bf3 Rb5 29. Rb3 Rc7 30. h4 h5 31. Rxa5 Rxa5 32.
Rxb4 Kg7 33. Rb2 Kh6 34. Kg2 Rc4 35. e3 Rc7 36. Bd1 Ra1 37. Bf3 Ra5 38. Bd1
Ra1 39. Bf3 Ra5 1/2-1/2

[Event "U.S. Championship"]
[Site "Saint Louis USA"]
[Date "2022.10.18"]
[EventDate "2022.10.04"]
[Round "12"]
[Result "1/2-1/2"]
[White "Christopher Woojin Yoo"]
[Black "R Robson"]
[WhiteElo "2563"]
[BlackElo "2690"]
[PlyCount "68"]

1. e4 e5 2. Nf3 Nc6 3. Bb5 Nf6 4. O-O Nxe4 5. Re1 Nd6 6. Nxe5 Be7 7. Bf1
Nxe5 8. Rxe5 O-O 9. d4 Bf6 10. Bd3 Bxe5 11. dxe5 Ne8 12. Nc3 d6 13. Qh5 g6
14. Qh6 Qe7 15. exd6 Nxd6 16. Bg5 f6 17. Nd5 Qg7 18. Qxg7+ Kxg7 19. Nxc7
fxg5 20. Nxa8 Bf5 21. Nc7 Rc8 22. Nd5 Bxd3 23. cxd3 Rc2 24. g4 Rxb2 25. Re1
Rxa2 26. Re7+ Nf7 27. Rxb7 Rd2 28. Rxa7 Rxd3 29. Nc7 Kf6 30. Ne8+ Ke6 31.
Ng7+ Kf6 32. Ne8+ Ke6 33. Ng7+ Kf6 34. Ne8+ 1/2-1/2

[Event "U.S. Championship"]
[Site "Saint Louis USA"]
[Date "2022.10.19"]
[EventDate "2022.10.04"]
[Round "13"]
[Result "1/2-1/2"]
[White "R Robson"]
[Black "Jeffery Xiong"]
[WhiteElo "2690"]
[BlackElo "2690"]
[PlyCount "144"]

1. d4 d5 2. c4 dxc4 3. Nf3 Nf6 4. e3 e6 5. Bxc4 c5 6. O-O a6 7. b3 cxd4 8.
Nxd4 Be7 9. Bb2 O-O 10. Be2 Bd7 11. Nd2 Nc6 12. N4f3 b5 13. Rc1 Rc8 14. a3
Qb6 15. Bd3 Rfd8 16. Qe2 Be8 17. h3 Nd7 18. b4 e5 19. Bf5 f6 20. Ne4 Ncb8
21. Nc3 Bf7 22. Rfd1 g6 23. Be4 Qa7 24. Nd5 Nb6 25. Rc7 Rxc7 26. Nxe7+ Rxe7
27. Rxd8+ Kg7 28. Rd1 Qc7 29. g4 h6 30. Rc1 Qd6 31. Rd1 Qc7 32. Rc1 Qd6 33.
Qc2 Nc4 34. Rd1 Qc7 35. Nh4 Nxb2 36. Qxb2 Rd7 37. Rc1 Qd8 38. Qb1 f5 39.
Bxf5 Qxh4 40. Bxd7 Nxd7 41. Kg2 h5 42. f3 Nb6 43. Qe4 Nc4 44. Rd1 Kh6 45.
Qd3 Qg5 46. Re1 Be6 47. Kg3 Kg7 48. Re2 Qe7 49. Re1 Qc7 50. Kg2 h4 51. Rd1
e4 52. Qc3+ Qe5 53. Qxe5+ Nxe5 54. fxe4 Nc4 55. Rd8 Nxa3 56. Ra8 Kf6 57.
Rxa6 Nc4 58. Rc6 g5 59. Kf2 Ne5 60. Rb6 Nd3+ 61. Kf3 Nxb4 62. e5+ Ke7 63.
Rxb5 Nd3 64. Ra5 Kf7 65. Ra7+ Kf8 66. Ra8+ Kf7 67. Ra7+ Kf8 68. Ra8+ Ke7
69. Ra7+ Ke8 70. Ra8+ Ke7 71. Ra7+ Ke8 72. Ra8+ Ke7 1/2-1/2

[Event "U.S. Championship"]
[Site "Saint Louis USA"]
[Date "2022.10.19"]
[EventDate "2022.10.04"]
[Round "13"]
[Result "1/2-1/2"]
[White "F Caruana"]
[Black "L Aronian"]
[WhiteElo "2763"]
[BlackElo "2755"]
[PlyCount "68"]

1. e4 e5 2. Nf3 Nc6 3. Bb5 Nf6 4. O-O Nxe4 5. Re1 Nd6 6. Nxe5 Be7 7. Bf1
Nxe5 8. Rxe5 O-O 9. d4 Bf6 10. Re1 Re8 11. c3 Rxe1 12. Qxe1 Ne8 13. Bf4 d5
14. Bd3 g6 15. Nd2 Ng7 16. Qe2 c6 17. Re1 Bf5 18. Bxf5 Nxf5 19. Nf3 Ng7 20.
Be5 Ne6 21. Bxf6 Qxf6 22. Ne5 Re8 23. Ng4 Qd8 24. Qe5 Ng7 25. Qxe8+ Nxe8
26. Rxe8+ Qxe8 27. Nf6+ Kf8 28. Nxe8 Kxe8 29. f4 f5 30. Kf2 Kf7 31. Kg1 Ke8
32. Kf2 Kf7 33. Kg1 Ke8 34. Kf2 1/2-1/2

[Event "U.S. Championship"]
[Site "Saint Louis USA"]
[Date "2022.10.19"]
[EventDate "2022.10.04"]
[Round "13"]
[Result "0-1"]
[White "D Swiercz"]
[Black "Christopher Woojin Yoo"]
[WhiteElo "2652"]
[BlackElo "2563"]
[PlyCount "66"]

1. e4 e5 2. Nf3 Nc6 3. Bb5 a6 4. Ba4 Nf6 5. O-O Bc5 6. c3 b5 7. Bb3 d6 8.
a4 Rb8 9. d4 Bb6 10. a5 Ba7 11. h3 Bb7 12. Re1 O-O 13. Be3 exd4 14. cxd4
Nb4 15. Nc3 Bxe4 16. Nxe4 Nxe4 17. d5 Bc5 18. Bd4 Re8 19. Re3 Qd7 20. Rc1
Re7 21. Qe2 Rbe8 22. Re1 Kf8 23. Bc2 f5 24. Bxe4 Rxe4 25. Bxc5 dxc5 26. Ng5
Rxe3 27. fxe3 Kg8 28. Ne6 Nxd5 29. Nxc5 Qc6 30. Qc2 Nxe3 31. Qb3+ Kf8 32.
Rxe3 Qxc5 33. Qa3 b4 0-1

[Event "U.S. Championship"]
[Site "Saint Louis USA"]
[Date "2022.10.19"]
[EventDate "2022.10.04"]
[Round "13"]
[Result "1/2-1/2"]
[White "Hans Moke Niemann"]
[Black "Awonder Liang"]
[WhiteElo "2699"]
[BlackElo "2608"]
[PlyCount "132"]

1. e4 e6 2. Qe2 c5 3. Nf3 Nc6 4. g3 e5 5. Bg2 g6 6. O-O Bg7 7. c3 Nge7 8.
Na3 O-O 9. Nc2 d5 10. d3 h6 11. a3 d4 12. c4 a5 13. Rb1 a4 14. Nd2 Be6 15.
f4 Qd7 16. Ne1 Qc7 17. Ndf3 f6 18. Nh4 g5 19. Nf5 Nxf5 20. exf5 Bxf5 21.
fxg5 fxg5 22. Bxg5 Bg6 23. Rxf8+ Rxf8 24. Bd2 Qe7 25. Nf3 e4 26. Nh4 Bh7
27. dxe4 Qe6 28. Qh5 Qf7 29. Qd5 Ne5 30. Bf4 Nxc4 31. Qxc5 b6 32. Qb5 Ne3
33. Re1 Qb3 34. Qxb3+ axb3 35. e5 Nxg2 36. Kxg2 Rc8 37. Re2 d3 38. Rd2 Rc2
39. Nf3 Be4 40. Kf2 Bxf3 41. Kxf3 Bxe5 42. Rxd3 Bxf4 43. Kxf4 Rxb2 44. h4
Rb1 45. Kg4 b2 46. Rb3 Ra1 47. Rxb2 Rxa3 48. Rxb6 h5+ 49. Kf4 Kg7 50. Re6
Ra4+ 51. Re4 Ra5 52. Re5 Ra4+ 53. Re4 Ra5 54. Re5 Ra4+ 55. Kg5 Rg4+ 56.
Kxh5 Rxg3 57. Rg5+ Rxg5+ 58. hxg5 Kh7 59. g6+ Kg7 60. Kg5 Kg8 61. Kf6 Kf8
62. Kf5 Kg7 63. Kg5 Kg8 64. Kh6 Kh8 65. g7+ Kg8 66. Kg6 1/2-1/2

[Event "U.S. Championship"]
[Site "Saint Louis USA"]
[Date "2022.10.19"]
[EventDate "2022.10.04"]
[Round "13"]
[Result "0-1"]
[White "E Moradiabadi"]
[Black "A Lenderman"]
[WhiteElo "2534"]
[BlackElo "2535"]
[PlyCount "142"]

1. e4 e5 2. Nf3 Nf6 3. Nc3 Nc6 4. Bb5 Bd6 5. a3 h6 6. d3 a6 7. Bc4 Bc5 8.
Be3 Bxe3 9. fxe3 d6 10. O-O O-O 11. Qe1 Be6 12. Nh4 Kh7 13. Rd1 g6 14. Rd2
Nb8 15. Bxe6 fxe6 16. d4 Nbd7 17. Nf3 Qe7 18. h3 exd4 19. exd4 e5 20. d5
Rf7 21. g3 Raf8 22. Rdf2 Nc5 23. Qe3 Qd7 24. Kg2 Na4 25. Nd1 Nc5 26. Nc3
Na4 27. Nd1 Nc5 28. Nd2 a5 29. b4 axb4 30. axb4 Na4 31. c4 c5 32. dxc6 Qxc6
33. Qb3 Nb6 34. Qd3 Kg7 35. Ne3 Nbd7 36. Nd1 Qb6 37. Qc3 Qd4 38. Qc2 Nb8
39. Nc3 Nc6 40. Nb5 Qb6 41. Qd3 Rd7 42. Qc3 Nd8 43. Rf3 Ne6 44. Qe3 Qd8 45.
R3f2 Ng5 46. Qe2 Qe7 47. h4 Ne6 48. Nc3 Nd4 49. Qd3 Qe6 50. Nf3 Nc6 51. Nd5
Rdf7 52. b5 Nb8 53. Nd2 Nbd7 54. Nxf6 Nxf6 55. Rf3 Ra8 56. R1f2 Rff8 57.
Nf1 h5 58. Ne3 Nd7 59. Rxf8 Rxf8 60. Rxf8 Kxf8 61. Nd5 Nc5 62. Qf3+ Kg7 63.
Kf2 Nd7 64. Qe3 Qg4 65. Qf3 Qh3 66. Nc7 Nf6 67. Ke3 Qc8 68. b6 Qd7 69. Kd3
Qa4 70. Ne6+ Kf7 71. Ng5+ Ke7 0-1

[Event "U.S. Championship"]
[Site "Saint Louis USA"]
[Date "2022.10.19"]
[EventDate "2022.10.04"]
[Round "13"]
[Result "1/2-1/2"]
[White "W So"]
[Black "Samuel Sevian"]
[WhiteElo "2774"]
[BlackElo "2684"]
[PlyCount "246"]

1. d4 Nf6 2. c4 e6 3. g3 d5 4. Bg2 dxc4 5. Nf3 c5 6. O-O Nc6 7. dxc5 Qxd1
8. Rxd1 Bxc5 9. Nbd2 c3 10. bxc3 O-O 11. Nb3 Be7 12. Nfd4 Bd7 13. Nxc6 Bxc6
14. Bxc6 bxc6 15. f3 Rfd8 16. Bd2 Nd5 17. c4 Nb6 18. c5 Nc4 19. Bf4 Rxd1+
20. Rxd1 e5 21. Rc1 exf4 22. Rxc4 fxg3 23. hxg3 Rc8 24. g4 Kf8 25. Rb4 a5
26. Ra4 Bd8 27. Kf2 g6 28. f4 Ra8 29. Nd4 Be7 30. Rc4 Rc8 31. Nb3 Ra8 32.
Ra4 Bd8 33. Kf3 Ke8 34. e4 Bc7 35. e5 g5 36. fxg5 Kd7 37. Kf4 Ke6 38. Ke4
Bxe5 39. Rxa5 Rg8 40. Ra6 Rxg5 41. Rxc6+ Kd7 42. Rh6 Bg7 43. Rxh7 Rxg4+ 44.
Kd5 Kc7 45. a4 Rg5+ 46. Kc4 Rg4+ 47. Kb5 Bc3 48. Rxf7+ Kb8 49. Rf8+ Kc7 50.
Rf7+ Kb8 51. Na5 Rb4+ 52. Kc6 Rxa4 53. Rf8+ Ka7 54. Rf7+ Kb8 55. Rf8+ Ka7
56. Nb7 Ra6+ 57. Kc7 Bd4 58. Nd6 Ra5 59. c6 Be5 60. Re8 Rd5 61. Re6 Rc5 62.
Re7 Rd5 63. Re6 Rc5 64. Rg6 Rc2 65. Rh6 Rc1 66. Rh7 Rd1 67. Rh6 Rc1 68. Rh7
Rd1 69. Kc8+ Kb6 70. Nc4+ Kxc6 71. Nxe5+ Kb5 72. Rb7+ Kc5 73. Rc7+ Kb5 74.
Kb7 Rh1 75. Nf3 Rh6 76. Nd4+ Kb4 77. Nc6+ Kc5 78. Rg7 Kd6 79. Rg1 Rh2 80.
Rd1+ Kc5 81. Ne5 Rh6 82. Kc7 Rh7+ 83. Nd7+ Kc4 84. Kd6 Rh6+ 85. Ke5 Rh5+
86. Ke6 Rh6+ 87. Nf6 Rh3 88. Ke5 Rd3 89. Rh1 Rd8 90. Rc1+ Kb5 91. Nd5 Rh8
92. Nf4 Re8+ 93. Kd4 Rh8 94. Rc5+ Ka6 95. Nd5 Rh4+ 96. Ke5 Rh5+ 97. Kd6
Rh6+ 98. Kd7 Rh7+ 99. Ne7 Kb6 100. Rg5 Rf7 101. Rh5 Rg7 102. Kd6 Rg1 103.
Rc5 Rh1 104. Nd5+ Ka6 105. Nc7+ Ka7 106. Ra5+ Kb6 107. Rb5+ Ka7 108. Nd5
Ka6 109. Rb3 Rh6+ 110. Kc5 Rh5 111. Re3 Kb7 112. Re7+ Ka6 113. Rf7 Re5 114.
Rf6+ Kb7 115. Rb6+ Ka7 116. Rd6 Kb7 117. Kb5 Rh5 118. Kc5 Re5 119. Rd7+ Ka6
120. Rh7 Rg5 121. Rh6+ Kb7 122. Kd6 Rg7 123. Kc5 1/2-1/2